[Event "LSS SN-2009-0-00189"]
[Site "LSS email"]
[Date "2009.10.05"]
[Round "?"]
[White "Tokarev, Evgeny Vadimovich"]
[Black "Giovani, Massimo"]
[Result "1-0"]
[WhiteElo "800"]
[BlackElo "800"]
[PlyCount "37"]
[EventDate "2009.09.15"]
[EventType "tourn (corr)"]
[EventRounds "6"]
[EventCountry "GER"]
[SourceTitle "Telechess CBM 137"]
[Source "ChessBase"]
[SourceDate "2010.07.15"]
[SourceVersion "1"]
[SourceVersionDate "2010.07.15"]
[SourceQuality "1"]

1. e4 e5 2. Nc3 Nf6 3. Bc4 Bb4 4. Nf3 d6 5. 0-0 Bg4 6. h3 Bh5 7. Nd5 Bc5 8. Nxf6+ Qxf6 9. g4 Bg6 10. d4 Bxe4 11. Ng5 d5 12. Nxe4 dxe4 13. dxc5 0-0 14. Qd5 Nc6 15. Qxe4 Rad8 16. Be3 a6 17. Rad1 h6 18. Rxd8 Rxd8 19. f4 1-0